Southville International School and Colleges
Your cart is empty.
  • Cart
  • Lists
    Public lists Eva Luna New books Lux_list list_1
    Your lists Log in to create your own lists
  • Log in to your account
  • Your cookies
  • Search history
Southville International School and Colleges
  • Advanced search
  • Recent comments
  • Most popular
  • Libraries

Log in to your account

Log in with GOOGLE


If you do not have an external account, but do have a local account, you can still log in:

  1. Home
  2. MARC view: The aesthetic experience :
Normal view MARC view ISBD view

The aesthetic experience : (Record no. 48437)

[ view plain ]
MARC details
000 -LEADER
fixed length control field 00729nam a2200205Ia 4500
003 - CONTROL NUMBER IDENTIFIER
control field PILC
005 - DATE AND TIME OF LATEST TRANSACTION
control field 20160218101258.0
008 - FIXED-LENGTH DATA ELEMENTS--GENERAL INFORMATION
fixed length control field 140321s9999 xx 000 0 und d
020 ## - INTERNATIONAL STANDARD BOOK NUMBER
International Standard Book Number 9717251010
050 ## - LIBRARY OF CONGRESS CALL NUMBER
Classification number BH 1
Item number .P131 2012
100 ## - MAIN ENTRY--PERSONAL NAME
Personal name Baesa-Pagay, Jenalyn S.
245 ## - TITLE STATEMENT
Title The aesthetic experience :
Remainder of title an introduction to humanities /
Statement of responsibility, etc Jenalyn S. Baesa-Pagay, Gina Collado-Tagasa, Percival B. Salise, Teodora Luz Soto, editha Golla-Zoleta, FLorita Bolire-Balajadia.
260 ## - PUBLICATION, DISTRIBUTION, ETC. (IMPRINT)
Place of publication, distribution, etc Manila :
Name of publisher, distributor, etc Grandbooks Pub. Inc.,
Date of publication, distribution, etc 2012.
300 ## - PHYSICAL DESCRIPTION
Extent 164 pages :
Other physical details illustrations ;
Dimensions 22 cm.
500 ## - GENERAL NOTE
General note Includes bibliographical references.
650 ## - SUBJECT ADDED ENTRY--TOPICAL TERM
Topical term or geographic name as entry element Aesthetic.
650 ## - SUBJECT ADDED ENTRY--TOPICAL TERM
Topical term or geographic name as entry element Experience.
942 ## - ADDED ENTRY ELEMENTS (KOHA)
Call number prefix Local
Koha item type Books
Source of classification or shelving scheme Library of Congress Classification
Holdings
Withdrawn status Lost status Source of classification or shelving scheme Damaged status Home library Current library Shelving location Date acquired Source of acquisition Total Checkouts Full call number Barcode Date last seen Price effective from Koha item type
    Library of Congress Classification   College Library College Library Filipiniana Section 03/21/2014 Library Fund   BH 1 .P131 2012 C17720 05/08/2018 03/21/2014 Books

The aesthetic experience :

APA

Baesa-Pagay J. S., . (2012). The aesthetic experience. Manila: Grandbooks Pub. Inc.

Chicago

Baesa-Pagay Jenalyn S, . 2012. The aesthetic experience. Manila: Grandbooks Pub. Inc.

Harvard

Baesa-Pagay J. S., . (2012). The aesthetic experience. Manila: Grandbooks Pub. Inc.

MLA

Baesa-Pagay Jenalyn S, . The aesthetic experience. Manila: Grandbooks Pub. Inc. 2012.

  • Place hold
  • Print
  • Cite
  • Add to your cart (remove)
  • Save record
    BIBTEX Dublin Core MARCXML MARC (non-Unicode/MARC-8) MARC (Unicode/UTF-8) MARC (Unicode/UTF-8, Standard) MODS (XML) RIS
  • More searches
    Search for this title in:
    Other Libraries (WorldCat) Other Databases (Google Scholar) Online Stores (Bookfinder.com) Open Library (openlibrary.org)

Exporting to Dublin Core...

SOUTHVILLE LIBRARY

Southville International School and Colleges Library

1281 Tropical Ave. Cor. Luxembourg St., BF Homes International, Las Pinas City

Tel. No. 8256374 / 252358 Loc. 117/146

Powered by Koha